00520nam a22001817a 450000500170000001000150001702000230003203500140005503700130006908200110008210000170009324500970011026000360020727000400024330000210028350000190030470000150032320170602101310.0 aENG-118474 a818599076xc450.00 aEN-102006 bDBAD/PUB a270.63 aMuir,William aThe life of Mahomet :b from original sources /cby William Muir ; introdution by Ram Swarup aNew DelhibVoice Of Indiac2002 a2/18,Ansari RoadbNew Delhie110002 a556p.c22cm(pbk) aIncludes index aRam Swarup